000 00514nam a2200181Ia 4500
001 7883
005 20260306160528.0
008 260306t2012||||xx |||||||||||||| ||spa||
041 _aESP
082 _a363.6
_bU85
100 _aUrrunaga, Roberto
_eAUT
245 0 _aNuevas rutas para una mejor regulación:
_bfortalecimiento de los organismos reguladores de servicios públicos en el Perú
260 _c2012
300 _a188 páginas :
_c22 cm.
650 _aGEN
654 _aCAN
942 _cLIB
_dJUS
_fJUS
_2ddc
_n
999 _c7883
_d7883